|
|
|
|
| LEADER |
00992nab a2200217 i 4500 |
| 001 |
acta62647 |
| 005 |
20250902114328.0 |
| 008 |
191119s2017 hu o 000 hun d |
| 020 |
|
|
|a 978-963-12-9848-2
|
| 040 |
|
|
|a SZTE Egyetemi Kiadványok Repozitórium
|b hun
|
| 041 |
|
|
|a hun
|
| 100 |
1 |
|
|a Keserű Imre
|
| 245 |
1 |
0 |
|a Pánik és bosszúvágy a "népfelkelés" bejelentése nyomán
|h [elektronikus dokumentum] /
|c Keserű Imre
|
| 260 |
|
|
|a Média-Mix
|b Szeged
|c 2017
|
| 300 |
|
|
|a 125-128
|
| 490 |
0 |
|
|a Szeged hosszú tavasza 1989-ben és '56 : előadások, tanulmányok, visszaemlékezések, dokumentumok
|
| 650 |
|
4 |
|a Bölcsészettudományok
|
| 650 |
|
4 |
|a Történettudomány és régészet
|
| 695 |
|
|
|a Forradalom - Magyarország - 1956, Forradalom - Szeged - 1956 - viszaemlékezés, Szeged története - 1956 - forrás
|
| 710 |
|
|
|a Tetthelyre hívás - 1956 a szegedi 1989-ben (2016) (Szeged)
|
| 856 |
4 |
0 |
|u http://acta.bibl.u-szeged.hu/62647/1/szeged_hosszu_tavasza_125-128.pdf
|z Dokumentum-elérés
|